Tarian tradisional terengganu[vcd]

Bibliographic Details
Format: Book
Published: Kuala Lumpur , 2011
Subjects:

MARC

LEADER 00000cam a2200000 7i4500
001 0000039771
005 20140106.0
090 0 0 |a VCD   |b 0117 
245 0 0 |a Tarian tradisional terengganu[vcd] 
260 |a Kuala Lumpur ,   |c 2011 
300 |a VCD 
650 0 |a Jabatan Kebudayaan & Kesenian Negara 
650 0 |a Kementerian Penerangan Malaysia 
999 |a 0001261288   |b Digital Video Disc   |c Audiovisual   |e Cawangan Muar 
999 |a 0001261297   |b Video CD   |c REFERENCE   |e Cawangan Segamat 
999 |a 0001261300   |b Digital Video Disc   |c Children Collection   |e Cawangan Bandar Tenggara 
999 |a 0001261921   |b Book   |c REFERENCE   |e Perbadanan Perpustakaan Awam Johor 
999 |a CD01261294   |b Video CD   |c Audiovisual   |e Cawangan Tmn. Ungku Tun Aminah 
999 |a CD01261299   |b CD-ROM   |c Adult Collection   |e Cawangan Taman Sri Lambak